[Event "ZN-2014-0-02780"]
[Site "LSS email"]
[Date "2014.08.20"]
[Round "?"]
[White "Briceno Ochoa, Jose Antonio"]
[Black "Tranquillo, Massimo"]
[Result "1-0"]
[WhiteElo "955"]
[BlackElo "743"]
[PlyCount "27"]
[EventDate "2014.08.12"]
[EventType "match (corr)"]
[EventRounds "2"]
[EventCountry "GER"]
[SourceTitle "Corr 2015"]
[Source "ChessBase"]
[SourceDate "2015.07.17"]
[SourceVersion "1"]
[SourceVersionDate "2015.07.17"]
[SourceQuality "1"]

1. Nf3 g6 2. g3 Bg7 3. Bg2 Nf6 4. 0-0 0-0 5. d3 e6 6. c3 d5 7. Bg5 c5 8. Bxf6 Bxf6 9. Nbd2 Nc6 10. e4 b6 11. Re1 Ba6 12. Qc2 dxe4 13. dxe4 e5 14. Rad1 1-0

[Event "ZN-2014-0-02780"]
[Site "LSS email"]
[Date "2014.08.20"]
[Round "?"]
[White "Tranquillo, Massimo"]
[Black "Briceno Ochoa, Jose Antonio"]
[Result "0-1"]
[WhiteElo "743"]
[BlackElo "955"]
[PlyCount "28"]
[EventDate "2014.08.12"]
[EventType "match (corr)"]
[EventRounds "2"]
[EventCountry "GER"]
[SourceTitle "Corr 2015"]
[Source "ChessBase"]
[SourceDate "2015.07.17"]
[SourceVersion "1"]
[SourceVersionDate "2015.07.17"]
[SourceQuality "1"]

1. e4 d5 2. exd5 Qxd5 3. Nc3 Qa5 4. d4 c6 5. a4 Nf6 6. Bf4 Bf5 7. Bd3 e6 8. Nge2 Bb4 9. Bxf5 Qxf5 10. 0-0 Bxc3 11. bxc3 0-0 12. Bd6 Rd8 13. Be7 Rd7 14. Ba3 Na6 0-1

[Event "LSS CP-2009-P-00027"]
[Site "LSS email"]
[Date "2009.09.27"]
[Round "?"]
[White "Salonen, Jukka"]
[Black "Tranquillo, Massimo"]
[Result "1/2-1/2"]
[WhiteElo "1833"]
[BlackElo "726"]
[PlyCount "90"]
[EventDate "2009.10.01"]
[EventType "tourn (corr)"]
[EventRounds "6"]
[EventCountry "GER"]
[SourceTitle "Telechess CBM 137"]
[Source "ChessBase"]
[SourceDate "2010.07.15"]
[SourceVersion "1"]
[SourceVersionDate "2010.07.15"]
[SourceQuality "1"]

1. e4 e6 2. d4 d5 3. Nc3 Nf6 4. e5 Nfd7 5. f4 c5 6. Nf3 Nc6 7. Be3 cxd4 8. Nxd4 Bc5 9. Qd2 0-0 10. 0-0-0 a6 11. Qf2 Bxd4 12. Bxd4 b5 13. Be3 b4 14. Ne2 a5 15. Nd4 Nxd4 16. Bxd4 a4 17. c4 Qc7 18. Qc2 dxc4 19. Qxc4 Qxc4+ 20. Bxc4 Bb7 21. Kd2 Bxg2 22. Rhg1 Bb7 23. Rc1 Ba6 24. Bxa6 Rxa6 25. Rc7 Rd8 26. Ke3 Nf8 27. Rgc1 Ng6 28. R1c4 b3 29. Rc8 Rf8 30. Rxf8+ Kxf8 31. axb3 axb3 32. Rb4 Ra1 33. Rxb3 Rh1 34. Rb8+ Ke7 35. b4 Re1+ 36. Kf2 Rb1 37. Be3 Rb2+ 38. Kg3 Rb3 39. Kf3 Kd7 40. Rb7+ Kc6 41. Rxf7 Nh4+ 42. Ke2 Nf5 43. Bc5 Rb2+ 44. Kd3 Rxh2 45. Rf8 h5 1/2-1/2

[Event "LSS CP-2009-P-00027"]
[Site "LSS email"]
[Date "2009.09.27"]
[Round "?"]
[White "Tranquillo, Massimo"]
[Black "Jordan, Juergen"]
[Result "0-1"]
[WhiteElo "757"]
[BlackElo "2182"]
[PlyCount "94"]
[EventDate "2009.10.01"]
[EventType "tourn (corr)"]
[EventRounds "6"]
[EventCountry "GER"]
[SourceTitle "Telechess CBM 141"]
[Source "ChessBase"]
[SourceDate "2011.03.17"]
[SourceVersion "1"]
[SourceVersionDate "2011.03.17"]
[SourceQuality "1"]

1. e4 g6 2. d4 Bg7 3. Nc3 d6 4. f4 e6 5. Nf3 Ne7 6. Be3 Nd7 7. Qd2 a6 8. 0-0-0 b5 9. a3 Bb7 10. h4 h5 11. Ng5 Nb6 12. Bd3 Qd7 13. Qe2 f6 14. Nf3 0-0-0 15. Kb1 Kb8 16. e5 Nf5 17. Bf2 Rhe8 18. Ne4 Nd5 19. Qd2 Qf7 20. g3 Qd7 21. Rhe1 Nh6 22. exf6 Nxf6 23. Nxf6 Bxf6 24. Ng5 Nf5 25. Qa5 c6 26. Qb4 Re7 27. Re2 Rde8 28. Ne4 Bg7 29. c4 Qc7 30. c5 d5 31. Nd6 Rg8 32. Rde1 a5 33. Qc3 Nxd6 34. cxd6 Qxd6 35. Qxa5 Bf6 36. Rc1 Ree8 37. Qb6 Bd8 38. Qc5 Qxc5 39. Rxc5 Ka7 40. Rcc2 Kb6 41. Be1 Bf6 42. Bc3 Rg7 43. Re3 b4 44. Bxb4 Bxd4 45. Bc3 Bxe3 46. Bxg7 Rc8 47. Bxg6 Rg8 0-1

[Event "LSS OP-2009-0-00905"]
[Site "LSS email"]
[Date "2009.07.26"]
[Round "?"]
[White "Szabo, Attila"]
[Black "Tranquillo, Massimo"]
[Result "1-0"]
[WhiteElo "1101"]
[BlackElo "757"]
[PlyCount "27"]
[EventDate "2009.07.19"]
[EventType "tourn (corr)"]
[EventRounds "4"]
[EventCountry "GER"]
[SourceTitle "Corr 2015"]
[Source "ChessBase"]
[SourceDate "2015.07.17"]
[SourceVersion "1"]
[SourceVersionDate "2015.07.17"]
[SourceQuality "1"]

1. d4 d6 2. Nf3 Nf6 3. c4 g6 4. Nc3 Bg7 5. e4 0-0 6. Be2 e5 7. 0-0 Nc6 8. d5 Ne7 9. b4 Nh5 10. Re1 Nf4 11. Bf1 a5 12. bxa5 Rxa5 13. Nd2 Bg4 14. Qxg4 1-0

[Event "LSS OP-2009-0-00905"]
[Site "LSS email"]
[Date "2009.07.26"]
[Round "?"]
[White "Tranquillo, Massimo"]
[Black "Allwardt, David Lawrence"]
[Result "1-0"]
[WhiteElo "702"]
[BlackElo "888"]
[PlyCount "59"]
[EventDate "2009.07.19"]
[EventType "tourn (corr)"]
[EventRounds "4"]
[EventCountry "GER"]
[SourceTitle "Corr 2011"]
[Source "ChessBase"]
[SourceDate "2010.08.31"]
[SourceVersion "1"]
[SourceVersionDate "2010.08.31"]
[SourceQuality "1"]

1. Nf3 d5 2. d4 Nc6 3. e3 Nf6 4. c3 e6 5. Nbd2 Bd6 6. Bd3 0-0 7. 0-0 e5 8. e4 exd4 9. Nxd4 Nxd4 10. cxd4 dxe4 11. Nxe4 Nxe4 12. Bxe4 Bxh2+ 13. Kxh2 Qh4+ 14. Kg1 Qxe4 15. Re1 Qg6 16. Qf3 c6 17. Bf4 Bg4 18. Qg3 Rfe8 19. f3 Qd3 20. Qxg4 Qxd4+ 21. Be3 Qxg4 22. fxg4 h6 23. g5 h5 24. Kf2 Re7 25. Bc5 Rxe1 26. Rxe1 g6 27. Bd4 Rd8 28. Bf6 Rc8 29. Re7 Rb8 30. Ke3 1-0

[Event "LSS OP-2009-0-00905"]
[Site "LSS email"]
[Date "2009.07.26"]
[Round "?"]
[White "Tranquillo, Massimo"]
[Black "Arriola, Roger"]
[Result "1-0"]
[WhiteElo "702"]
[BlackElo "823"]
[PlyCount "123"]
[EventDate "2009.07.19"]
[EventType "tourn (corr)"]
[EventRounds "4"]
[EventCountry "GER"]
[SourceTitle "Telechess CBM 137"]
[Source "ChessBase"]
[SourceDate "2010.07.15"]
[SourceVersion "1"]
[SourceVersionDate "2010.07.15"]
[SourceQuality "1"]

1. Nf3 d6 2. d4 Nf6 3. e3 Bg4 4. Nbd2 Nc6 5. c3 e6 6. Bd3 Be7 7. 0-0 0-0 8. Re1 a6 9. e4 e5 10. d5 Na7 11. a4 a5 12. Nf1 c6 13. c4 cxd5 14. cxd5 Nc8 15. Ne3 Nb6 16. Nc4 Nxc4 17. Bxc4 h6 18. Qd3 Nh5 19. h3 Bd7 20. Bd2 Kh8 21. Reb1 f5 22. Qa3 fxe4 23. Nh2 Qc8 24. Rc1 Qd8 25. Be2 Nf4 26. Bxf4 Rxf4 27. g3 Rf8 28. Bg4 Bxg4 29. Nxg4 Rf3 30. Rc3 h5 31. Rxf3 exf3 32. Nh2 e4 33. Re1 Qc7 34. Rxe4 Qc1+ 35. Nf1 Qg5 36. Qxf3 Rf8 37. Qe3 Bf6 38. Qxg5 Bxg5 39. Ne3 Bf6 40. b4 Bc3 41. b5 Bb4 42. Kg2 Bc5 43. f4 b6 44. Re6 Bxe3 45. Rxe3 Rf5 46. Rd3 g5 47. Kf3 gxf4 48. gxf4 Kg7 49. Ke4 Rf7 50. Rg3+ Kh6 51. f5 Re7+ 52. Kf4 Rc7 53. Rg6+ Kh7 54. Rxd6 Rc4+ 55. Kg5 Kg8 56. Kg6 Kf8 57. f6 Rc8 58. Rc6 Rd8 59. d6 Kg8 60. d7 Rf8 61. Rc8 h4 62. Rxf8+ 1-0

[Event "SEMI B045 email"]
[Site "SEMI email"]
[Date "2004.11.01"]
[Round "?"]
[White "Tranquillo, Massimo"]
[Black "Cuomo, Salvatore"]
[Result "0-1"]
[WhiteElo "1500"]
[BlackElo "1350"]
[PlyCount "20"]
[EventDate "2004.11.01"]
[EventType "tourn (corr)"]
[EventRounds "6"]
[EventCountry "ITA"]
[SourceTitle "Corr 2008"]
[Source "ChessBase"]
[SourceDate "2008.06.24"]
[SourceVersion "1"]
[SourceVersionDate "2008.06.24"]
[SourceQuality "1"]

1. e4 c6 2. d4 d5 3. exd5 cxd5 4. c4 e6 5. Nc3 Nf6 6. Nf3 Bb4 7. cxd5 Nxd5 8. Bd2 Nc6 9. Bd3 0-0 10. 0-0 Nf6 0-1

[Event "IECG QN.2004.0.00339"]
[Site "IECG email"]
[Date "2004.09.17"]
[Round "?"]
[White "Tranquillo, Massimo"]
[Black "Weber, Kurt Maxwell"]
[Result "1-0"]
[WhiteElo "682"]
[BlackElo "800"]
[PlyCount "41"]
[EventDate "2004.09.17"]
[EventType "tourn (corr)"]
[EventRounds "6"]
[SourceTitle "Corr 2008"]
[Source "ChessBase"]
[SourceDate "2008.06.24"]
[SourceVersion "1"]
[SourceVersionDate "2008.06.24"]
[SourceQuality "1"]

1. e4 a5 2. d4 Nc6 3. d5 Ne5 4. Nf3 Nc4 5. Bxc4 c5 6. d6 Qb6 7. Ne5 a4 8. Nxf7 g5 9. Qh5 Bh6 10. Nxh8+ Kd8 11. Bxg8 exd6 12. Qxh6 Qc6 13. Bxg5+ Kc7 14. Bd5 Qa6 15. Qf8 Ra7 16. Bd8+ Kb8 17. Nf7 Qa5+ 18. Bxa5 Rxa5 19. Nxd6 Ra6 20. Qxc8+ Ka7 21. Qxb7# 1-0

[Event "IECC CL6-2004.19 email"]
[Site "IECC email"]
[Date "2004.09.15"]
[Round "?"]
[White "Tranquillo, Massimo"]
[Black "Mauro, Danilo"]
[Result "0-1"]
[WhiteElo "1211"]
[BlackElo "1284"]
[PlyCount "30"]
[EventDate "2004.??.??"]
[EventType "tourn (corr)"]
[EventRounds "4"]
[SourceTitle "Corr 2008"]
[Source "ChessBase"]
[SourceDate "2008.06.24"]
[SourceVersion "1"]
[SourceVersionDate "2008.06.24"]
[SourceQuality "1"]

1. e4 e6 2. d4 d5 3. Nc3 Bb4 4. e5 c5 5. a3 Bxc3+ 6. bxc3 Ne7 7. Qg4 Qc7 8. Qxg7 Rg8 9. Qxh7 cxd4 10. Ne2 Nbc6 11. f4 Bd7 12. Bd2 dxc3 13. Nxc3 Nd4 14. Qd3 Nef5 15. Nb5 Bxb5 0-1

[Event "IECC M-5117"]
[Site "IECC email"]
[Date "2004.09.09"]
[Round "?"]
[White "Palmer, Frederick"]
[Black "Tranquillo, Massimo"]
[Result "1-0"]
[WhiteElo "1364"]
[BlackElo "1198"]
[PlyCount "47"]
[EventDate "2004.??.??"]
[EventType "tourn (corr)"]
[EventRounds "10"]
[SourceTitle "Corr 2020"]
[Source "ChessBase"]
[SourceDate "2019.09.30"]
[SourceVersion "1"]
[SourceVersionDate "2019.09.30"]
[SourceQuality "1"]
[WhiteTeam "United States"]
[BlackTeam "Italy"]
[WhiteTeamCountry "USA"]
[BlackTeamCountry "ITA"]

1. g3 d5 2. Nf3 c5 3. Bg2 Nc6 4. d4 e6 5. 0-0 Qb6 6. e3 Bd6 7. c4 Nge7 8. cxd5 exd5 9. Nc3 Be6 10. Na4 Qb5 11. dxc5 Bxc5 12. Nxc5 Qxc5 13. Bd2 0-0 14. Bc3 Bg4 15. Rc1 Qd6 16. Qb3 b6 17. Qa4 Bd7 18. Nd4 Rfc8 19. Nxc6 Bxc6 20. Qg4 Qg6 21. Qxg6 Nxg6 22. Rfd1 Ne7 23. Bb4 Ng6 24. Bh3 1-0

[Event "SEMI B024 email"]
[Site "SEMI email"]
[Date "2001.11.26"]
[Round "?"]
[White "Tranquillo, Massimo"]
[Black "Russo, Gigi"]
[Result "0-1"]
[WhiteElo "1500"]
[BlackElo "1000"]
[PlyCount "39"]
[EventDate "2001.11.26"]
[EventType "tourn (corr)"]
[EventRounds "6"]
[EventCountry "ITA"]
[SourceTitle "Telechess CBM 091"]
[Source "ChessBase"]
[SourceDate "2002.11.12"]
[SourceVersion "1"]
[SourceVersionDate "2002.11.12"]
[SourceQuality "1"]

1. d4 d5 2. Nf3 Nf6 3. e3 c5 4. c3 e6 5. Bd3 Nc6 6. Nbd2 Bd6 7. 0-0 0-0 8. Re1 e5 9. dxe5 Nxe5 10. Nxe5 Bxe5 11. e4 Re8 12. exd5 Qxd5 13. Nc4 Bxh2+ 14. Kxh2 Rxe1 15. Qxe1 Qxd3 16. Ne5 Qf5 17. f3 Be6 18. Qg3 Re8 19. Bh6 Qh5+ 20. Kg1 0-1

[Event "SEMI B024 email"]
[Site "SEMI email"]
[Date "2001.11.26"]
[Round "?"]
[White "Tranquillo, Massimo"]
[Black "Then, Hans"]
[Result "0-1"]
[WhiteElo "1500"]
[BlackElo "1000"]
[PlyCount "64"]
[EventDate "2001.11.26"]
[EventType "tourn (corr)"]
[EventRounds "6"]
[EventCountry "ITA"]
[SourceTitle "Telechess CBM 097"]
[Source "ChessBase"]
[SourceDate "2003.11.11"]
[SourceVersion "1"]
[SourceVersionDate "2003.11.11"]
[SourceQuality "1"]

1. d4 f5 2. c4 Nf6 3. Nc3 e6 4. Nf3 b6 5. Bg5 Bb7 6. Bxf6 Qxf6 7. e3 Bb4 8. Qc2 0-0 9. Be2 c5 10. 0-0 d6 11. Nb5 Qe7 12. a3 Ba5 13. Rfd1 a6 14. Nc3 Nd7 15. Qd3 Rad8 16. Rab1 Bxc3 17. Qxc3 Nf6 18. dxc5 bxc5 19. b4 Ne4 20. Qc2 cxb4 21. axb4 f4 22. Rd4 Ng5 23. exf4 Nxf3+ 24. Bxf3 Bxf3 25. gxf3 Qh4 26. Qd2 d5 27. Rd1 Qh3 28. Kh1 Rf6 29. f5 Qxf3+ 30. Kg1 Qxf5 31. f4 Rg6+ 32. Kh1 e5 0-1

[Event "IECC CL7-2001.26"]
[Site "IECC email"]
[Date "2001.11.06"]
[Round "?"]
[White "Kowalski, Boleslaw"]
[Black "Tranquillo, Massimo"]
[Result "1-0"]
[WhiteElo "1049"]
[BlackElo "1160"]
[PlyCount "53"]
[EventDate "2001.??.??"]
[EventType "tourn (corr)"]
[EventRounds "4"]
[SourceTitle "Corr 2008"]
[Source "ChessBase"]
[SourceDate "2008.06.24"]
[SourceVersion "1"]
[SourceVersionDate "2008.06.24"]
[SourceQuality "1"]

1. e4 c5 2. Nf3 a6 3. d4 cxd4 4. Nxd4 e5 5. Nf3 Nc6 6. Bc4 Be7 7. Qd5 Qa5+ 8. Qxa5 Nxa5 9. Nxe5 Nxc4 10. Nxc4 b5 11. Nb6 Rb8 12. Nd5 Bd6 13. Bf4 Bxf4 14. Nxf4 Bb7 15. Nc3 Nf6 16. f3 0-0 17. 0-0 b4 18. Nce2 a5 19. Nd4 Rbc8 20. a3 Rc4 21. Rfd1 d5 22. e5 Nd7 23. b3 Rc3 24. axb4 axb4 25. Ra7 Bc8 26. Nxd5 Rc5 27. Ne7+ 1-0

[Event "IECG CN.2001.0.00266"]
[Site "IECG email"]
[Date "2001.10.22"]
[Round "?"]
[White "Tranquillo, Massimo"]
[Black "Neatham, Graeme"]
[Result "0-1"]
[WhiteElo "800"]
[BlackElo "955"]
[PlyCount "40"]
[EventDate "2001.10.22"]
[EventType "tourn (corr)"]
[EventRounds "6"]
[SourceTitle "Corr 2008"]
[Source "ChessBase"]
[SourceDate "2008.06.24"]
[SourceVersion "1"]
[SourceVersionDate "2008.06.24"]
[SourceQuality "1"]

1. e4 d6 2. d4 Nf6 3. Nc3 g6 4. Bg5 Bg7 5. Qd2 c6 6. f4 0-0 7. 0-0-0 b5 8. e5 Nh5 9. g4 Bxg4 10. Be2 Bxe2 11. Ngxe2 f6 12. exf6 exf6 13. Bh4 Re8 14. Ng3 b4 15. Nce2 Qa5 16. Nxh5 Qxh5 17. Qxb4 Rxe2 18. Qb7 Qf5 19. Rd2 Rxd2 20. Kxd2 Qxf4+ 0-1

[Event "IECG QN.2001.0.00198"]
[Site "IECG email"]
[Date "2001.10.18"]
[Round "?"]
[White "Tranquillo, Massimo"]
[Black "Kipasso, Pablo"]
[Result "0-1"]
[WhiteElo "800"]
[BlackElo "800"]
[PlyCount "42"]
[EventDate "2001.10.18"]
[EventType "tourn (corr)"]
[EventRounds "6"]
[SourceTitle "Corr 2008"]
[Source "ChessBase"]
[SourceDate "2008.06.24"]
[SourceVersion "1"]
[SourceVersionDate "2008.06.24"]
[SourceQuality "1"]

1. e4 c5 2. Nf3 Nc6 3. d4 cxd4 4. Nxd4 g6 5. Nc3 Bg7 6. Be3 Nf6 7. Bd3 Nxd4 8. Bxd4 d6 9. f4 0-0 10. Qd2 e5 11. fxe5 Ng4 12. Be3 Nxe3 13. Qxe3 Bxe5 14. Bc4 Be6 15. Bb3 Qf6 16. Rb1 Rac8 17. Nd1 Bxb3 18. cxb3 Rfe8 19. Qxa7 Bd4 20. Qxb7 Qf4 21. Rf1 Rxe4+ 0-1

[Event "IECC Swiss email"]
[Site "IECC email"]
[Date "2001.10.08"]
[Round "?"]
[White "Hakuc, Waclaw"]
[Black "Tranquillo, Massimo"]
[Result "1-0"]
[WhiteElo "1679"]
[BlackElo "1127"]
[PlyCount "40"]
[EventDate "2001.??.??"]
[EventType "tourn (corr)"]
[EventRounds "6"]
[SourceTitle "Corr 2008"]
[Source "ChessBase"]
[SourceDate "2008.06.24"]
[SourceVersion "1"]
[SourceVersionDate "2008.06.24"]
[SourceQuality "1"]

1. e4 c5 2. Nf3 d6 3. d4 cxd4 4. Nxd4 Nf6 5. Nc3 a6 6. Bc4 e6 7. 0-0 Be7 8. Bb3 Qc7 9. Be3 b5 10. a3 Nbd7 11. Bxe6 fxe6 12. Nxe6 Qc4 13. Nxg7+ Kd8 14. f3 Rg8 15. Nf5 Qe6 16. Ne2 Nxe4 17. Ned4 Qg6 18. Qe2 Nec5 19. Nc6+ Ke8 20. Ncxe7 Qf7 1-0